000 01408cam a22003974a 4500
001 14427992
003 OSt
005 20140310184340.0
008 060626s2008 nyuab j b 001 0 eng
010 _a 2006021232
020 _a9780531120835 (hbk. lib bdg)
020 _a053112083X (hbk. lib bdg)
020 _a9780531175354 (pbk.)
020 _a0531175359 (pbk.)
040 _aDLC
_cDLC
_dDLC
050 0 0 _aUG 1242.R4
_b.R83 2008
100 1 _aRudy, Lisa Jo.
_924001
245 1 0 _aMicro spies :
_bspy planes the size of birds! /
_cLisa Jo Rudy.
260 _aNew York, NY:
_bFranklin Watts,
_c2008.
300 _a64 p. :
_bill. : col. (maps) ;
_c24 cm.
440 0 _a24/7, science behind the scenes
_923302
490 0 _aSpy files
504 _aIncludes bibliographical references and index.
521 _aG5
526 _c780
650 0 _aMicro air vehicles
_vJuvenile literature.
_924002
650 0 _aReconnaissance aircraft
_vJuvenile literature.
_924003
650 0 _aAirplanes
_xModels
_vJuvenile literature.
_924004
856 4 1 _3Table of contents only
_uhttp://www.loc.gov/catdir/toc/ecip0616/2006021232.html
906 _a7
_bcbc
_corignew
_d1
_eecip
_f20
_gy-gencatlg
942 _2lcc
_cBK-SCHOLAS
999 _c33818
_d33818